PISA y las metas sectoriales de la SEP.

Zapisane w:
Opis bibliograficzny
1. autor: Quesada García, Joaquín (autor)
Kolejni autorzy: Martínez Rodríguez, Félix Francisco, coaut (autor) coaut, (autor)
Format: Nieznany
Język:hiszpański
Hasła przedmiotowe:
Dostęp online:Ver documento en línea
Etykiety: Dodaj etykietę
Nie ma etykietki, Dołącz pierwszą etykiete!

MARC

LEADER 00000c**#a2200000ua#4500
001 000518245
003 DLC
005 20260411000000.0
008 070831c^^^^9999^^^^r1^^^^^^^^0^^^^0spa^d
009 20260411194551.108
022 |a 01851284 
035 |a FCE 000062476 
037 |a Acervo ITESO - Biblioteca 
041 |a spa 
095 |a RLEE  |b 10-3-4-241 
100 |a Quesada García, Joaquín  |e (autor) 
245 1 0 |a PISA y las metas sectoriales de la SEP. 
264 |a México :  |b Centro de Estudios Educativos,  |c 2010. 
336 |a texto  |b txt  |2 rdacontenido 
337 |a sin mediación  |b n  |2 rdamedio 
338 |a volumen  |b nc  |2 rdasoporte 
610 |a México.  |b Secretaría de Educación Pública 
649 |a XX 
650 |a Objetivo educativo 
650 |a PISA 
650 |a México 
740 |g vol. 40., no. 3-4, 2010, pp. 241-255  |t Revista Latinoamericana de Estudios Educativos. Diálogo Informado, 
700 |a Martínez Rodríguez, Félix Francisco,  |e coaut  |e (autor) 
856 4 0 |u https://www.cee.edu.mx/rlee/revista/r2001_2010/r_texto/t_2010_3-4_09.pdf  |y Ver documento en línea 
910 |a Fondo Centro de Estudios Educativos 
920 |a Impresos - Libros 
930 |a Fondos Especiales 
905 |a 133 
902 |a https://opac.biblio.iteso.mx/vufind/Record/000518245